| 000 | 00715nam a2200277Ia 4500 | ||
|---|---|---|---|
| 001 | Z_4486 | ||
| 003 | CHAP | ||
| 008 | 220113s1958 xx 000 0 und d | ||
| 010 | _a167561 | ||
| 040 | _cCHAP | ||
| 082 | _a636.4085 N54 | ||
| 100 |
_aNielsen, Henning E _981232 |
||
| 245 |
_aNutrition of boards, sow and piglets / _cpor Henning E Nielsen |
||
| 260 |
_aCopenhagen : _bNational Institute of Animal Science Departament of Pig Research, _c1958 |
||
| 300 | _ap.v. | ||
| 440 | _a | ||
| 500 | _aFotocopía | ||
| 503 | _aFOTOCOPÍA | ||
| 650 |
_aGanado porcino _xNutrición I. t. _9141805 |
||
| 901 | _a636.4085 N54 | ||
| 902 | _aA | ||
| 910 | _a1958 | ||
| 942 | _c1 | ||
| 942 | _cc1 | ||
| 999 |
_c167561 _d167561 |
||